Biblioteca "Ernesto Sabato"
Facultad de Derecho y Ciencias Sociales
Facultad de Lenguas
Universidad Nacional del Comahue

Por dentro Da Lei (Record no. 35795)

MARC details
000 -CABECERA
campo de control de longitud fija 00925nam a22003257a 4500
003 - IDENTIFICADOR DEL NÚMERO DE CONTROL
campo de control OSt
005 - FECHA Y HORA DE LA ÚLTIMA TRANSACCIÓN
campo de control 20230523103351.0
008 - DATOS DE LONGITUD FIJA--INFORMACIÓN GENERAL
campo de control de longitud fija 220803b ||||| |||| 00| 0 spa d
020 ## - ISBN
Número Internacional Estándar del Libro 978-85-9477-234-3
040 ## - FUENTE DE LA CATALOGACIÓN
Centro/agencia transcriptor Biblioteca Ernesto Sábato
092 ## - SIGNATURA TOPOGRÁFICA
Número de clasificación D340.18
Libristica P832
Sector BDGR
245 ## - MENCIÓN DE TÍTULO
Título Por dentro Da Lei
Resto del título : dereito, narrativa e ficcao
260 ## - PUBLICACIÓN, DISTRIBUCIÓN, ETC. (PIE DE IMPRENTA)
Lugar de publicación, distribución, etc. Florianópolis
Fecha de publicación, distribución, etc. 2018
300 ## - DESCRIPCIÓN FÍSICA
Paginas 150 p.
440 ## - MENCIÓN DE SERIE/PUNTO DE ACCESO ADICIONAL--TÍTULO
Título Tirant lo blanch
650 ## - Descriptores Tematicos
Término de materia o nombre geográfico como elemento inicial DERECHO Y LITERATURA
700 ## - Coautores y traductores
Nombre de persona André Karam Trindade
700 ## - Coautores y traductores
Nombre de persona Jorge Douglas Price
700 ## - Coautores y traductores
Nombre de persona José Calvo González
700 ## - Coautores y traductores
Nombre de persona Cristiano Paixao
700 ## - Coautores y traductores
Nombre de persona Dino del Pino
700 ## - Coautores y traductores
Nombre de persona Luis Meliante Garcé
700 ## - Coautores y traductores
Nombre de persona Fabio Roberto D'Avila
700 ## - Coautores y traductores
Nombre de persona Lenio Luis Streck
700 ## - Coautores y traductores
Nombre de persona Vicente de Paulo Barreto
700 ## - Coautores y traductores
Nombre de persona Felipe Navarro Martínez
700 ## - Coautores y traductores
Nombre de persona Draiton Gonzaga de Souza
700 ## - Coautores y traductores
Nombre de persona Henriete Karam
942 ## - ELEMENTOS DE PUNTO DE ACCESO ADICIONAL (KOHA)
Fuente del sistema de clasificación o colocación Dewey Decimal Classification
Tipo de ítem Koha BDGR
Holdings
Estado de retiro Estado de pérdida Fuente del sistema de clasificación o colocación Estado dañado No para préstamo Localización permanente Ubicación/localización actual Fecha de adquisición Número de inventario Total de préstamos Signatura topográfica completa Código de barras Fecha visto por última vez Precio válido a partir de Tipo de ítem Koha
    Dewey Decimal Classification     Biblioteca Ernesto Sabato - FADECS - UNCOMA Biblioteca Ernesto Sabato - FADECS - UNCOMA 03/08/2022 26371   D340.18 P832 26371 03/08/2022 03/08/2022 BDGR
    Dewey Decimal Classification     Biblioteca Ernesto Sabato - FADECS - UNCOMA Biblioteca Ernesto Sabato - FADECS - UNCOMA 29/05/2023 26583   D340.18 P832 26583 29/05/2023 29/05/2023 BDGR
Facultad de Derecho y Ciencias Sociales | Universidad Nacional del Comahue | Mendoza y Perú General Roca | Río Negro CP (8332) | Patagonia Argentina | Teléfono: 54-0298-4433670 | | Fax: 0298-4432093 | Fax alumnos: 0298-4435700